English Novel: (Record no. 166966)

MARC details
000 -LEADER
fixed length control field 00643nam a22001817a 4500
010 ## - LCCN (DPL NO)
LC control number ENG-126191
020 ## - INTERNATIONAL STANDARD BOOK NUMBER
International Standard Book Number 978-93-8472-659-1
Terms of availability 995.00
035 ## - SYSTEM CONTROL NUMBER
System control number EN-109723
037 ## - SOURCE OF ACQUISITION
Source of stock number/acquisition DBAD/PUB
082 ## - DEWEY DECIMAL CLASSIFICATION NUMBER
Classification number 808.88
100 ## - MAIN ENTRY--PERSONAL NAME
Personal name Mukherjee,Gurudas
245 ## - TITLE STATEMENT
Title English Novel:
Statement of responsibility, etc by Gurudas Mukherjee[and]Indibar Mukherjee
Remainder of title A Critical Study/
260 ## - PUBLICATION, DISTRIBUTION, ETC. (IMPRINT)
Place of publication, distribution, etc New Delhi
Name of publisher, distributor, etc Ane Books Pvt.Ltd.
Date of publication, distribution, etc 2017
270 ## - ADDRESS
Address 4821,Parwana Bhawan 1st Floor 24 Ansari Road, Darya Ganj
City New Delhi
Postal code 110002
Telephone number +91(011)23276843,2814209
Electronic mail address anebookschennai.com
300 ## - PHYSICAL DESCRIPTION
Extent vii141p.
Other physical details 24cm(hb)
650 ## - SUBJECT ADDED ENTRY--TOPICAL TERM
Topical term or geographic name as entry element English Novel
942 ## - ADDED ENTRY ELEMENTS (KOHA)
Source of classification or shelving scheme Dewey Decimal Classification
Item type English Books
Classification part 808.88
Call number suffix MUK
Holdings
Withdrawn status Lost status Not for loan Collection code Home library Current library Date acquired Source of acquisition Cost, normal purchase price Full call number Barcode Copy number Cost, replacement price Koha item type
      Non-fiction Andrews Gunj Andrews Gunj 19/08/2019 DBAD/PUB 995.00 808.88 MUK EN-109723 1 995.00 English Books

© Delhi Public Library
Hit Counter
free hit counter